The celebrated jumping frog, and other stories / (Record no. 42928)
[ view plain ]
| 000 -LEADER | |
|---|---|
| fixed length control field | 01055cam a2200289 a 4500 |
| 001 - CONTROL NUMBER | |
| control field | 2472383 |
| 003 - CONTROL NUMBER IDENTIFIER | |
| control field | OSt |
| 005 - DATE AND TIME OF LATEST TRANSACTION | |
| control field | 20140311163218.0 |
| 008 - FIXED-LENGTH DATA ELEMENTS--GENERAL INFORMATION | |
| fixed length control field | 921214s1992 nyua 000 1 eng |
| 010 ## - LIBRARY OF CONGRESS CONTROL NUMBER | |
| LC control number | 90067581 |
| 020 ## - INTERNATIONAL STANDARD BOOK NUMBER | |
| International Standard Book Number | 059076363709 |
| 040 ## - CATALOGING SOURCE | |
| Original cataloging agency | DLC |
| Transcribing agency | DLC |
| Modifying agency | DLC |
| 050 00 - LIBRARY OF CONGRESS CALL NUMBER | |
| Classification number | PS 1322 |
| Item number | .C4 1997 |
| 100 1# - MAIN ENTRY--PERSONAL NAME | |
| Personal name | Twain, Mark, |
| Dates associated with a name | 1835-1910. |
| 9 (RLIN) | 27201 |
| 245 14 - TITLE STATEMENT | |
| Title | The celebrated jumping frog, and other stories / |
| Statement of responsibility, etc | Mark Twain ; illustrations by Joseph Ciardiello ; afterword by Edward Wagenknecht. |
| 260 ## - PUBLICATION, DISTRIBUTION, ETC. (IMPRINT) | |
| Place of publication, distribution, etc | Pleasantville, N.Y. : |
| Name of publisher, distributor, etc | Reader's Digest Association, |
| Date of publication, distribution, etc | 1997. |
| 300 ## - PHYSICAL DESCRIPTION | |
| Extent | 230 p. : |
| Other physical details | ill. ; |
| Dimensions | 24 cm. |
| 490 0# - SERIES STATEMENT | |
| Series statement | The World's best reading |
| 521 ## - TARGET AUDIENCE NOTE | |
| Target audience note | |
| 526 ## - STUDY PROGRAM INFORMATION NOTE | |
| Reading level | 1000 |
| 650 #0 - SUBJECT ADDED ENTRY--TOPICAL TERM | |
| Topical term or geographic name as entry element | Humorous stories, American. |
| 9 (RLIN) | 3682 |
| 700 12 - ADDED ENTRY--PERSONAL NAME | |
| Personal name | Twain, Mark, |
| Dates associated with a name | 1835-1910. |
| Title of a work | Celebrated jumping frog of Calaveras County. |
| 9 (RLIN) | 27202 |
| 906 ## - LOCAL DATA ELEMENT F, LDF (RLIN) | |
| a | 7 |
| b | cbc |
| c | orignew |
| d | 3 |
| e | opcn |
| f | 19 |
| g | y-gencatlg |
| 942 ## - ADDED ENTRY ELEMENTS (KOHA) | |
| Source of classification or shelving scheme | Library of Congress Classification |
| Koha item type | Books |
| Withdrawn status | Lost status | Source of classification or shelving scheme | Damaged status | Home library | Current library | Shelving location | Date acquired | Total Checkouts | Full call number | Barcode | Date last seen | Copy number | Price effective from | Koha item type |
|---|---|---|---|---|---|---|---|---|---|---|---|---|---|---|
| Library of Congress Classification | Munich Library | Munich Library | Scholastic Reading Center Section | 03/10/2014 | PS 1322 .C4 1997 | MS0923 | 03/10/2014 | 1 | 03/10/2014 | Books |